| 000 | 00419nam a22001697a 4500 | ||
|---|---|---|---|
| 003 | MPLRDC | ||
| 005 | 20220104142330.0 | ||
| 008 | 210129b ||||| |||| 00| 0 eng d | ||
| 082 | _a857.9 DFY-35 v.2 | ||
| 100 | _a东方英 | ||
| 245 |
_a玄天一指. 续集. 下 _c |
||
| 260 |
_a _b毅力出版社 _c |
||
| 300 | _b平 | ||
| 490 | _a东方英小说专辑 | ||
| 650 | _a武侠小说 | ||
| 942 |
_cBK _o857.9 DFY-35 v.2 |
||
| 999 |
_c29964 _d29954 |
||